| 000 | 00450nam a2200181Ia 4500 | ||
|---|---|---|---|
| 001 | 14723 | ||
| 005 | 20260306164935.0 | ||
| 008 | 260306t1981||||xx |||||||||||||| ||spa|| | ||
| 041 | _aESP | ||
| 082 |
_a516.6 _bD61M |
||
| 100 |
_aDeskrép, C.L. _eAUT |
||
| 245 | 0 |
_aManual de geometría descriptiva: _bcurso superior moderno |
|
| 260 | _c1981 | ||
| 300 |
_a304 páginas : _c25 cm. |
||
| 650 | _aGEN | ||
| 654 | _aCMA | ||
| 942 |
_cLIB _dJUS _fJUS _2ddc _n |
||
| 999 |
_c14723 _d14723 |
||